000 01225nam a22003377a 4500
003 CHAP
005 20220329134109.0
008 971013s1971 r 00010 d
010 _a15303
011 _a16275
035 _a20354
040 _cCHAP
082 _a691.12
_bH5
100 0 0 _aHickin, Norman E.
_955153
245 _aWood preservation; a guide to the meaning of terms
260 _aLondon :
_bHutchinson,
_c1971
300 _a106 p.
_b: ilus.
590 _aBATCH-UPD
_b10
_c20130109
_lUCH01
_h2321
590 _aBATCH-UPD
_b10
_c20130110
_lUCH01
_h2301
590 _aBATCH-UPD
_b10
_c20130410
_lUCH01
_h1553
590 _aBATCH-UPD
_b10
_c20130914
_lUCH01
_h1613
590 _aCONVERSION
_b10
_c20130109
_lUCH01
_h1310
650 1 4 _aMadera
_xPreservación
_xTerminología.
_969620
901 _aBK
942 _cLIBRO
949 _a691.12 H5
_bBC
_cLIBRO
_d33724000147146
_eLIBRO
_fc.4
_h38554
_i20354
_si
949 _a691.12 H5
_bBC
_cLIBRO
_d33724000147260
_eLIBRO
_fc.3
_h38553
_i20354
_si
949 _a691.12 H5
_bBC
_cLIBRO
_d33724000147385
_eLIBRO
_fc.2
_h38552
_i20354
_si
949 _a691.12 H5
_bBC
_cLIBRO
_d33724000147500
_eLIBRO
_h38551
_i20354
_si
949 _a691.12 H5
_bBC
_cLIBRO
_d33724000373445
_eLIBRO
_fc.5
_h38555
_i20354
_si
999 _c15303
_d15303